Sports Quiz

Random Sports or College Quiz

Power 5 Schools Without 'GameDay' Quiz Stats

 Plays Quiz Updated Mar 30, 2020

Support Sporcle.
Go Orange.
Score 0/9 Timer 03:00
0 Plays Today
Conference School % Correct
ACCDuke
79.3%
Big TenRutgers
77.1%
Big 12Kansas
76.4%
Big TenMaryland
75.3%
Big TenIllinois
73.2%
ACCWake Forest
70.8%
Pac-12California
67.2%
ACCVirginia
65.2%
ACCSyracuse
60.3%

You're not logged in!

Compare scores with friends on all Sporcle quizzes.
OR
Log In

From the Vault

Europe: Four-Border Countries

by goc3

Sorry Iceland, you never get involved in these border quizzes.
Remove Ads.
Support Sporcle.
Get the best of Sporcle when you Go Orange. This ad-free experience offers more features, more stats, and more fun while also helping to support Sporcle. Thank you for becoming a member.

Show Comments

Extras

Top Quizzes Today


Score Distribution

Your Account Isn't Verified!

In order to create a playlist on Sporcle, you need to verify the email address you used during registration. Go to your Sporcle Settings to finish the process.

Report this User

Report this user for behavior that violates our Community Guidelines.

Details: